Four for tomorrow /

Bibliographic Details
Main Author: Zelazny, Roger
Format: Book
Language:English
Published: New York : Garland Pub., 1975
Series:Garland library of science fiction.

MARC

Tag First Indicator Second Indicator Subfields
LEADER 00000pam a2200000 i 4500
001 in00000027367
005 20170427115042.0
008 750219r19751973nyu 00011 eng
010 |a  75000442  
020 |a 0824014448 
035 |a (OCoLC)01230510 
035 |9 AAD1776AM 
040 |a DLC  |c DLC  |d TXA  |d UtOrBLW 
049 |a TXAM [Also in] [Sp Coll]  |c 1 [1532416]  |a TXAS  |c 2 [1700622] 
050 0 0 |a PZ4.Z456  |b Fo4  |a PS3576.E43 
090 |a PS3576.E43  |b F68 1975 
100 1 |a Zelazny, Roger. 
245 1 0 |a Four for tomorrow /  |c by Roger Zelazny. 
264 1 |a New York :  |b Garland Pub.,  |c 1975 
264 4 |c ©1967 
300 |a 216 pages ;  |c 19 cm. 
336 |a text  |b txt  |2 rdacontent 
337 |a unmediated  |b n  |2 rdamedia 
338 |a volume  |b nc  |2 rdacarrier 
490 1 |a Garland library of science fiction 
500 |a Reprint of the 1973 issue of the edition first published in 1967 by Ace Books, New York. 
505 0 |a The furies.--The graveyard heart.--The doors of his face, the lamps of his mouth.--The rose of Ecclesiastes. 
830 0 |a Garland library of science fiction. 
999 |a MARS 
999 f f |s 1a8f816f-9bd7-3267-a16c-58f45c2b0842  |i 12aef149-129c-38c7-9460-7ff8bdbb80f6  |t 0 
952 f f |p noncirc  |a Texas A&M University  |b College Station  |c Cushing Memorial Library & Archives  |d Cushing: Science Fiction (Does not check out)  |t 0  |e PZ4.Z456 Fo4  |h Library of Congress classification  |i unmediated -- volume  |m A14800452589 
952 f f |p ric  |a Texas A&M University  |b Rellis Campus  |c Joint Library Facility  |d Remote Storage  |t 0  |e PS3576.E43 F68 1975  |h Library of Congress classification  |i unmediated -- volume  |m A14804340970 
998 f f |a PZ4.Z456 Fo4  |t 0  |l Cushing: Science Fiction (Does not check out) 
998 f f |a PS3576.E43 F68 1975  |t 0  |l Remote Storage